000 00363pab a2200133 454500
008 180718b1984 xxu||||| |||| 00| 0 eng d
100 _aLong, Ngo Vinh
245 _aAgrarian differentiation in the Southern Region of Vietnam
260 _c1984
300 _a283-305
650 _aLand Tenure - Vietnam
773 _aJournal of Contemporary Asia
909 _a12158
999 _c12158
_d12158